00441nam a2200157Ia 4500003000400000008004100004040001600045082002000061100002300081245004900104260005600153300001000209650001800219650001500237650003100252GCL140319s9999 xx 000 0 eng d aGCL / cGCL04aCCb299.31bW G1 aWATTERSON, BARBARA10aGODS OF ANCIENT EGYPT / cWATTERSON, BARBARA a[S.N] : bBASTFORD ACADEMIC AND EDUCATION ، c1996 a227 P04aANCIENT EGYPT04aEGYPTOLOGY04aANCIENT EGYPTIAN, RELIGION